[Event "Imperia Corallo op-B 2nd"]
[Site "Imperia"]
[Date "2007.11.16"]
[Round "1"]
[White "Brizzi, Matteo"]
[Black "Mela, Gianluca"]
[Result "0-1"]
[WhiteElo "1407"]
[BlackElo "1440"]
[PlyCount "46"]
[EventDate "2007.11.16"]
[EventType "swiss"]
[EventRounds "5"]
[EventCountry "ITA"]
[SourceTitle "EXT 2010"]
[Source "ChessBase"]
[SourceDate "2010.11.25"]
[SourceVersion "1"]
[SourceVersionDate "2010.11.25"]
[SourceQuality "1"]

1. e4 g6 2. d4 Bg7 3. Nf3 d6 4. Nc3 e6 5. Bg5 Ne7 6. Bc4 Nd7 7. 0-0 a6 8. Re1 h6 9. Bh4 b6 10. Qe2 Bb7 11. Rad1 0-0 12. d5 e5 13. Nd2 Qe8 14. Qf3 f5 15. Qd3 g5 16. Bxg5 hxg5 17. Qg3 Qh5 18. Be2 g4 19. h3 Nf6 20. Bxg4 fxg4 21. f3 Bc8 22. Rf1 Bh6 23. Kf2 Bf4 0-1